00630 2200241 4500001002100000005001500021035002000036008004100056245005800097100001700155250001000172260004000182300002700222020002200249084001700271082001100288650002500299500001100324500001400335700001700349990001100366990001100377INLIS00000000001178920220617102954 a0010-0622000299220617 g 0 ind 1 aMenjemput Impian /cRofi' Maryam; editor, Anee Rahman aROFI, Maryam acet.1 aJakarta :bBee Media Pustaka,c2016 avi, 120 hal. ;c21 cm. a978-602-6227-63-8 a370.11 ROF m a370.11 4aPENDIDIKAN. KARAKTER aIndeks aGlosarium0 aANEE, Rahman a7676 a a7676 b